000 00336 a2200109 4500
001 ART_35109
005 20260410162005.0
008 260409a
245 1 0 _aCapacidad jurídica de niñas, niños y adolescentes
100 1 _aOlmo, Juan P.
773 0 _tTemas de derecho civil
_g- Año 1, Nº 3 (dic. 2015)
_wREV34778
999 _c31610
_d31610